<?xml version="1.0" encoding="UTF-8"?>
<record
    xmlns:xsi="http://www.w3.org/2001/XMLSchema-instance"
    xsi:schemaLocation="http://www.loc.gov/MARC21/slim http://www.loc.gov/standards/marcxml/schema/MARC21slim.xsd"
    xmlns="http://www.loc.gov/MARC21/slim">

  <leader>02683nam a22003017a 4500</leader>
  <controlfield tag="005">20091211101146.0</controlfield>
  <controlfield tag="008">091211t        xxu||||| |||| 00| 0 hin d</controlfield>
  <datafield tag="020" ind1=" " ind2=" ">
    <subfield code="a">9788123755076</subfield>
    <subfield code="c">20.00</subfield>
  </datafield>
  <datafield tag="035" ind1=" " ind2=" ">
    <subfield code="a">B-375237-242</subfield>
  </datafield>
  <datafield tag="037" ind1=" " ind2=" ">
    <subfield code="b">&#x924;&#x930;&#x942;&#x923; &#x92C;&#x941;&#x915;&#x94D;&#x938;/ VEN</subfield>
  </datafield>
  <datafield tag="040" ind1=" " ind2=" ">
    <subfield code="a">DPL</subfield>
    <subfield code="b">HN</subfield>
  </datafield>
  <datafield tag="082" ind1=" " ind2=" ">
    <subfield code="a">&#x915;</subfield>
  </datafield>
  <datafield tag="100" ind1=" " ind2=" ">
    <subfield code="a">&#x928;&#x93E;&#x917;&#x930;&#x93E;&#x91C;, &#x92A;&#x94D;&#x930;&#x93F;&#x92F;&#x93E;</subfield>
    <subfield code="9">17602</subfield>
  </datafield>
  <datafield tag="245" ind1=" " ind2=" ">
    <subfield code="a">&#x928;&#x94B;&#x928;&#x93E; &#x914;&#x930; &#x92C;&#x93E;&#x930;&#x93F;&#x936; /</subfield>
    <subfield code="c">&#x92A;&#x94D;&#x930;&#x93F;&#x92F;&#x93E; &#x928;&#x93E;&#x917;&#x930;&#x93E;&#x91C;&#x928;; &#x915;&#x92E;&#x93E;&#x932; &#x905;&#x939;&#x92E;&#x926; &#x926;&#x94D;&#x935;&#x93E;&#x930;&#x93E; &#x905;&#x928;&#x941;&#x926;&#x93F;&#x924;</subfield>
  </datafield>
  <datafield tag="260" ind1=" " ind2=" ">
    <subfield code="a">&#x928;&#x908; &#x926;&#x93F;&#x932;&#x94D;&#x932;&#x940;</subfield>
    <subfield code="b">&#x928;&#x947;&#x936;&#x928;&#x932; &#x92C;&#x941;&#x915; &#x91F;&#x94D;&#x930;&#x938;&#x94D;&#x91F;</subfield>
    <subfield code="c">2009</subfield>
  </datafield>
  <datafield tag="270" ind1=" " ind2=" ">
    <subfield code="a">&#x928;&#x947;&#x939;&#x930;&#x942; &#x92D;&#x935;&#x928;, 5 &#x907;&#x902;&#x938;&#x94D;&#x91F;&#x940;&#x91F;&#x94D;&#x92F;&#x942;&#x936;&#x928;&#x932; &#x90F;&#x930;&#x93F;&#x92F;&#x93E;, &#x92B;&#x947;&#x91C;-11, &#x935;&#x938;&#x902;&#x924; &#x915;&#x941;&#x902;&#x91C;</subfield>
    <subfield code="b">&#x928;&#x908; &#x926;&#x93F;&#x932;&#x94D;&#x932;&#x940;</subfield>
    <subfield code="e">110070</subfield>
  </datafield>
  <datafield tag="300" ind1=" " ind2=" ">
    <subfield code="a">&#x935;&#x93F;.&#x92A;&#x943;</subfield>
    <subfield code="c">24&#x938;&#x947;&#x92E;&#x940; (&#x905;&#x91C;&#x93F;&#x932;&#x94D;&#x926;)</subfield>
  </datafield>
  <datafield tag="490" ind1=" " ind2=" ">
    <subfield code="a">&#x928;&#x947;&#x939;&#x930;&#x942; &#x92C;&#x93E;&#x932; &#x92A;&#x941;&#x938;&#x94D;&#x924;&#x915;&#x93E;&#x932;&#x92F;</subfield>
    <subfield code="9">17615</subfield>
  </datafield>
  <datafield tag="700" ind1=" " ind2=" ">
    <subfield code="a">&#x915;&#x92E;&#x93E;&#x932; &#x905;&#x939;&#x92E;&#x926;</subfield>
    <subfield code="9">17604</subfield>
  </datafield>
  <datafield tag="942" ind1=" " ind2=" ">
    <subfield code="2">ddc</subfield>
    <subfield code="c">CH</subfield>
    <subfield code="h">&#x915;</subfield>
    <subfield code="m">&#x928;&#x93E;&#x917;&#x930;&#x93E;</subfield>
  </datafield>
  <datafield tag="999" ind1=" " ind2=" ">
    <subfield code="c">32475</subfield>
    <subfield code="d">32475</subfield>
  </datafield>
  <datafield tag="952" ind1=" " ind2=" ">
    <subfield code="0">1</subfield>
    <subfield code="1">0</subfield>
    <subfield code="2">ddc</subfield>
    <subfield code="4">0</subfield>
    <subfield code="7">0</subfield>
    <subfield code="8">FIC</subfield>
    <subfield code="a">BL1</subfield>
    <subfield code="b">BL1</subfield>
    <subfield code="d">2010-08-31</subfield>
    <subfield code="e">&#x924;&#x930;&#x942;&#x923; &#x92C;&#x941;&#x915;&#x94D;&#x938;/2011/29.01.10/283/16.01.10/15.02.10</subfield>
    <subfield code="g">20.00</subfield>
    <subfield code="l">0</subfield>
    <subfield code="o">&#x915; &#x928;&#x93E;&#x917;&#x930;&#x93E;</subfield>
    <subfield code="p">B-375237</subfield>
    <subfield code="r">2010-08-31 00:00:00</subfield>
    <subfield code="t">1</subfield>
    <subfield code="v">20.00</subfield>
    <subfield code="w">2010-08-31</subfield>
    <subfield code="y">CH</subfield>
  </datafield>
  <datafield tag="952" ind1=" " ind2=" ">
    <subfield code="0">0</subfield>
    <subfield code="1">5</subfield>
    <subfield code="2">ddc</subfield>
    <subfield code="4">0</subfield>
    <subfield code="7">0</subfield>
    <subfield code="8">FIC</subfield>
    <subfield code="a">JP</subfield>
    <subfield code="b">JP</subfield>
    <subfield code="d">2010-08-31</subfield>
    <subfield code="e">&#x924;&#x930;&#x942;&#x923; &#x92C;&#x941;&#x915;&#x94D;&#x938;/2011/29.01.10/283/16.01.10/15.02.10</subfield>
    <subfield code="g">20.00</subfield>
    <subfield code="l">29</subfield>
    <subfield code="o">&#x915; &#x928;&#x93E;&#x917;&#x930;&#x93E;</subfield>
    <subfield code="p">B-375238</subfield>
    <subfield code="r">2018-06-28 00:00:00</subfield>
    <subfield code="s">2012-03-28</subfield>
    <subfield code="t">1</subfield>
    <subfield code="v">20.00</subfield>
    <subfield code="y">CH</subfield>
  </datafield>
  <datafield tag="952" ind1=" " ind2=" ">
    <subfield code="0">0</subfield>
    <subfield code="1">0</subfield>
    <subfield code="2">ddc</subfield>
    <subfield code="4">0</subfield>
    <subfield code="7">0</subfield>
    <subfield code="8">FIC</subfield>
    <subfield code="a">VP</subfield>
    <subfield code="b">VP</subfield>
    <subfield code="d">2010-08-31</subfield>
    <subfield code="e">&#x924;&#x930;&#x942;&#x923; &#x92C;&#x941;&#x915;&#x94D;&#x938;/2011/29.01.10/283/16.01.10/15.02.10</subfield>
    <subfield code="g">20.00</subfield>
    <subfield code="l">15</subfield>
    <subfield code="o">&#x915; &#x928;&#x93E;&#x917;&#x930;&#x93E;</subfield>
    <subfield code="p">B-375239</subfield>
    <subfield code="q">2016-11-29</subfield>
    <subfield code="r">2016-11-15 00:00:00</subfield>
    <subfield code="s">2016-11-15</subfield>
    <subfield code="t">1</subfield>
    <subfield code="v">20.00</subfield>
    <subfield code="w">2010-08-31</subfield>
    <subfield code="y">CH</subfield>
  </datafield>
  <datafield tag="952" ind1=" " ind2=" ">
    <subfield code="0">4</subfield>
    <subfield code="1">0</subfield>
    <subfield code="2">ddc</subfield>
    <subfield code="4">0</subfield>
    <subfield code="7">0</subfield>
    <subfield code="8">FIC</subfield>
    <subfield code="a">BL3</subfield>
    <subfield code="b">BL3</subfield>
    <subfield code="d">2010-08-31</subfield>
    <subfield code="e">&#x924;&#x930;&#x942;&#x923; &#x92C;&#x941;&#x915;&#x94D;&#x938;/2011/29.01.10/283/16.01.10/15.02.10</subfield>
    <subfield code="g">20.00</subfield>
    <subfield code="l">0</subfield>
    <subfield code="o">&#x915; &#x928;&#x93E;&#x917;&#x930;&#x93E;</subfield>
    <subfield code="p">B-375240</subfield>
    <subfield code="r">2010-08-31 00:00:00</subfield>
    <subfield code="t">1</subfield>
    <subfield code="v">20.00</subfield>
    <subfield code="w">2010-08-31</subfield>
    <subfield code="y">CH</subfield>
    <subfield code="z">Written off on approval by DLB (By Circulation); dtd 15-06-2023</subfield>
  </datafield>
  <datafield tag="952" ind1=" " ind2=" ">
    <subfield code="0">0</subfield>
    <subfield code="1">5</subfield>
    <subfield code="2">ddc</subfield>
    <subfield code="4">0</subfield>
    <subfield code="7">0</subfield>
    <subfield code="8">FIC</subfield>
    <subfield code="a">NR</subfield>
    <subfield code="b">NR</subfield>
    <subfield code="d">2010-08-31</subfield>
    <subfield code="e">&#x924;&#x930;&#x942;&#x923; &#x92C;&#x941;&#x915;&#x94D;&#x938;/2011/29.01.10/283/16.01.10/15.02.10</subfield>
    <subfield code="g">20.00</subfield>
    <subfield code="l">0</subfield>
    <subfield code="o">&#x915; &#x928;&#x93E;&#x917;&#x930;&#x93E;</subfield>
    <subfield code="p">B-375241</subfield>
    <subfield code="r">2010-08-31 00:00:00</subfield>
    <subfield code="t">1</subfield>
    <subfield code="v">20.00</subfield>
    <subfield code="y">CH</subfield>
  </datafield>
  <datafield tag="952" ind1=" " ind2=" ">
    <subfield code="0">0</subfield>
    <subfield code="1">5</subfield>
    <subfield code="2">ddc</subfield>
    <subfield code="4">0</subfield>
    <subfield code="7">0</subfield>
    <subfield code="8">FIC</subfield>
    <subfield code="a">BL4</subfield>
    <subfield code="b">BL4</subfield>
    <subfield code="d">2010-08-31</subfield>
    <subfield code="e">&#x924;&#x930;&#x942;&#x923; &#x92C;&#x941;&#x915;&#x94D;&#x938;/2011/29.01.10/283/16.01.10/15.02.10</subfield>
    <subfield code="g">20.00</subfield>
    <subfield code="l">0</subfield>
    <subfield code="o">&#x915; &#x928;&#x93E;&#x917;&#x930;&#x93E;</subfield>
    <subfield code="p">B-375242</subfield>
    <subfield code="r">2010-08-31 00:00:00</subfield>
    <subfield code="t">1</subfield>
    <subfield code="v">20.00</subfield>
    <subfield code="y">CH</subfield>
  </datafield>
</record>
